Investment market update Asia Pacific (Record no. 84001)
[ view plain ]
| 000 -LEADER | |
|---|---|
| fixed length control field | 01444cad a22002175a 4500 |
| 001 - CONTROL NUMBER | |
| control field | L156414 |
| 008 - FIXED-LENGTH DATA ELEMENTS--GENERAL INFORMATION | |
| fixed length control field | 120518s2012 xxk 000 0 eng d |
| 035 ## - SYSTEM CONTROL NUMBER | |
| System control number | (Sirsi) u156414 |
| 041 0# - LANGUAGE CODE | |
| Language code of text/sound track or separate title | eng |
| 110 2# - MAIN ENTRY--CORPORATE NAME | |
| Corporate name or jurisdiction name as entry element | DTZ |
| 245 00 - TITLE STATEMENT | |
| Title | Investment market update Asia Pacific |
| Medium | [electronic resource] |
| 260 ## - PUBLICATION, DISTRIBUTION, ETC. | |
| Place of publication, distribution, etc. | London |
| Name of publisher, distributor, etc. | DTZ |
| Date of publication, distribution, etc. | 2012 |
| 490 #0 - SERIES STATEMENT | |
| Series statement | DTZ Investment Market Update Asia Pacific |
| Volume/sequential designation | Q1 2012 11 May 2012 |
| 520 ## - SUMMARY, ETC. | |
| Summary, etc. | Asia Pacific investment activity slowed in Q1 2012 after a solid 2011. Total investment volumes fell by 36% q-on-q and 38% y-on-y to reach US$24.6bn. Only Thailand and Hong Kong showed increases. Although domestic players dominated activity, inter-regional investment accelerated to US$1.9bn in Q1 compared to US$ 0.4bn in Q4 2011. Retail was the only sector showing increased investment volumes in Q1, led by China and Singapore. The average lot size declined again in Q1 reflecting a shift from prime to secondary stock with their lower capital values. Total transaction are forecast to drop by 9% in 2012 to US$140bn before picking up in 2013. |
| 520 ## - SUMMARY, ETC. | |
| Summary, etc. | Investment volume - Source of capital - Investor type - Property type - Outlook- Core markets in focus. |
| 590 ## - LOCAL NOTE (RLIN) | |
| Local note | NTK KA |
| 651 #4 - SUBJECT ADDED ENTRY--GEOGRAPHIC NAME | |
| Geographic name | Asia Pacific |
| 690 ## - LOCAL SUBJECT ADDED ENTRY--TOPICAL TERM (OCLC, RLIN) | |
| Topical term or geographic name as entry element | Commercial property |
| 9 (RLIN) | 6227 |
| 856 40 - ELECTRONIC LOCATION AND ACCESS | |
| Uniform Resource Identifier | <a href="https://www.dtz.com/Global/Research/DTZ+Investment+Market+Update+Asia+Pacific+Q1+2012">https://www.dtz.com/Global/Research/DTZ+Investment+Market+Update+Asia+Pacific+Q1+2012</a> |
| Public note | View the report after free registration at www.dtz.com |
| 942 ## - ADDED ENTRY ELEMENTS (KOHA) | |
| Suppress in OPAC | 0 |
| Withdrawn status | Lost status | Source of classification or shelving scheme | Damaged status | Not for loan | Home library | Current library | Shelving location | Date acquired | Total Checkouts | Full call number | Barcode | Date last seen | Copy number | Price effective from | Koha item type |
|---|---|---|---|---|---|---|---|---|---|---|---|---|---|---|---|
| Dewey Decimal Classification | Virtual | Virtual | Online | 18/05/2012 | ONLINE PUBLICATION | 156414-2001 | 06/08/2019 | 1 | 06/08/2019 | Book |